LDR 00442naa#a2200157#i#450# 001 EN\\bibl\120709 005 20260516171349.6 011 ## _a1998-6785 100 ## _a20220621b2022####ek#y0engy0150####ca 102 ## _aRU 200 1# _aFrom the editor of the heading _eJournal article 210 1# _aVladivostok _cVladivostok State University _d2022 215 ## _a1 с. 608 ## _aJournal article _2local 700 #1 _aDudarenok _gSvetlana M. 856 4# _avvgu.editorum.ru _u